Introducción a la estadística y probabilidad

Bibliographic Details
Main Author: Martínez Rayo, Elías
Format: Section = Libro
Language:Undetermined
Spanish
Published: Nicaragua [s.e] [s.f]
Subjects:
LEADER 00475nam a2200181Ia 4500
008 241007s9999||||xx |||||||||||||| ||und||
040 |a BIBLIOTECA-RURC/ 519.5 M3662 
041 |a spa 
082 |a 519.5 M3662 
100 1 |a Martínez Rayo, Elías 
245 1 0 |a Introducción a la estadística y probabilidad 
260 |a Nicaragua  |b [s.e]  |c [s.f] 
300 |a 226 p :il. 
650 7 |a PROBABILIDADES 
650 7 |b  ESTIMACIÓN. 
942 |c BK  |2 ddc 
991 |a TEXTO 
999 |c 14388